Slanské vrchy ; Veľká Domaša turistická mapa

Bibliographic Details
Corporate Author: Vojenský kartografický ústav (Harmanec, Slovensko) (Author)
Format: Map
Language:Multiple languages
PhysicalDescription:1 mapa v prebale fareb. 102 x 77 cm zlož. na 21 x13 cm 1 text. príl. (29 s.)
Published: Harmanec VKÚ 2003
ISBN:808042182X
Edition:2. vyd.
Series:Edícia turistických máp
Subjects:

MARC

LEADER 00000nem a2200000 a 4500
001 vtls001466724
003 SK-MaSNL
005 20260301203510.0
007 aj cazzn
008 251029s2003 xo fg a 0 mul
015 |a SNBC2004/04-01873 
020 |a 808042182X 
035 |a SNK000422029 
040 |a SNK  |b slo  |c SNK  |e AACR2 
041 0 |a mul 
043 |a e-xo--- 
044 |a xo  |c SK 
072 7 |a 913(4)  |x Geografia Európy, reálie, cestovanie  |2 konspekt 
080 |a 91(437.6)  |2 1981 
080 |a 912.43:796.5  |2 1981 
080 |a 91(234.372.4)  |2 1981 
080 |a (084.3)  |2 1981 
080 |a 796.5(234.372.3)(084.3)  |2 1981 
080 |a 908(437.67)  |2 1981 
110 2 |a Vojenský kartografický ústav (Harmanec, Slovensko)  |4 aut  |4 pbl  |9 32777 
245 1 0 |a Slanské vrchy ; Veľká Domaša  |h kartografický dokument  |b turistická mapa  |c ... spracoval ... Vojenský kartografický ústav 
246 3 0 |a Veľká Domaša 
250 |a 2. vyd. 
255 |a Mierka 1:50 000 
260 |a Harmanec  |b VKÚ  |c 2003 
300 |a 1 mapa v prebale  |b fareb.  |c 102 x 77 cm zlož. na 21 x13 cm  |e 1 text. príl. (29 s.) 
490 1 |a Edícia turistických máp  |v 116 
500 |a Text legendy, podnázov a vysvetl. v nem., angl., maď. a poľ. 
500 |a Text príloha obsahuje turisticko vlastivedný popis. Red. uzávierka 15. 9. 2003 
651 7 |a Slanské vrchy (Slovensko : pohorie)  |2 SNK  |9 56228 
651 7 |a Veľká Domaša (Slovensko : zaniknutá obec)  |2 SNK  |9 60258 
655 7 |a turistické mapy  |2 SNK  |9 70551 
830 0 |a Edícia turistických máp  |9 295991 
919 |a 80-8042-182-X 
923 |a turistická  |b skladaná  |c pre verejnosť 
999 |c 902844  |d 904774 
952 |t P60, <04>, [BOOK], {604}  |a SNK  |b SNK  |y VYP  |7 0  |p 17A0411415  |o snkSLCm 2341 D1  |i snkKSP 947/2004  |0 0  |1 0  |4 0  |d 2004-01-20  |l 0  |r 2005-01-02 00:00:00  |w 2026-02-24 
952 |t P60, <03>, [BOOK], {603}  |a SNK  |b SNK  |y PREZ  |7 0  |p 17A0411414  |o snkSLCm 2341/príl.  |0 0  |1 0  |4 0  |d 2004-01-20  |l 0  |r 2005-01-02 00:00:00  |w 2026-02-24 
952 |t P60, <04>, [BOOK], {604}  |a SNK  |b SNK  |y VYP  |7 0  |p 17A0411416  |o snkSLCm 2341/príl. D1  |0 0  |1 0  |4 0  |d 2004-01-20  |l 0  |r 2005-01-02 00:00:00  |w 2026-02-24 
952 |t P60, <03>, [BOOK], {603}  |a SNK  |b SNK  |y PREZ  |7 0  |p 17A0411413  |o snkSLCm 2341  |i snkKSP 946/2004  |0 0  |1 0  |4 0  |d 2004-01-20  |l 0  |r 2005-01-02 00:00:00  |w 2026-02-24